000
00320nam a2200109Ia 4500
008
160531s9999 xx 000 0 und d
100
_a
Hazawinkel, Michiel.
245
_a
Encyclopaedia of Mathematics
245
_c
by Michiel Hazewinkel
260
_c
2012
856
_u
https://www.encyclopediaofmath.org/index.php/Algebra
999
_c
295149
_d
295149